| 000 | 00823nam a2200241 a 4500 | ||
|---|---|---|---|
| 001 | 000022941 | ||
| 005 | 20200930021902.0 | ||
| 008 | 101123s1992 sp ac r 000 mdspa d | ||
| 020 | _a8446001349 | ||
| 040 |
_aDO-SdBNP _bspa _cBNPHU |
||
| 082 |
_a863.64 _bM385n |
||
| 100 | 1 |
_aMartínez Menchén, Antonio, _947166 |
|
| 245 | 1 | 3 |
_aLa narrativa española contemporánea / _cAntonio Martínez Menchén, Jesús Felipe Martínez Sánchez. |
| 260 |
_aMadrid : _bAkal, _c1992. |
||
| 300 |
_a134 p. : _bil., retrs. ; _c24 cm. |
||
| 490 | 1 |
_aGuía de lectura _v7 |
|
| 490 | 1 |
_aMonografía _v7 |
|
| 504 | _aIncluye referencias bibliográficas y notas al pie de las páginas. | ||
| 650 | 4 |
_aNovela española _91123 |
|
| 650 | 4 |
_aLiteratura española _9632 |
|
| 830 | 0 |
_aGuía de lectura. _pMonografía ; _v7 _947167 |
|
| 049 | _aBNGR | ||
| 999 |
_c22438 _d22438 |
||